01019 2200301 4500001002100000005001500021035002000036007000300056008004100059020001800100040002200118082001400140084001600154100002700170245012600197250003500323300003300358500007200391650000800463700002900471850001200500264004500512336002100557337003000578338002300608546006600631990002000697INLIS00000000086435420210902111108 a0010-0921000104ta210902s2006 jkio g ind d a979-22-2201-4 aYOPDYOGbinderda04223a553.7 a553.7 EMO s1 aEmoto, Masaruepenulis10aSecret life of water :bmenguak rahasia mengapa air dapat menyembuhkan /cpenulis, Masaru Emoto; penerjemah, Susi Purwoko aCetakan ketiga, September 2006 a115 halaman :bfoto ;c20 cm aJudul asli: mizu wa kotae wo shitteiru 2 (the secret life of water) 4aAir0 aSusi Purwokoepenerjemah aYOPDYOG31aJakarta :bGramedia Pustaka Utama,c2006 2rdacontentateks 2rdamediaatanpa perantara 2rdacarrieravolume aTeks dalam Bahasa Indonesia diterjemahkan dari Bahasa Inggris a67947-PD/A.2021